La universidad latinoamericana : y otros ensayos /

Este libro recoge una seie de estudios que tratan sobre temas de educación superior y los problemas socioeconómicos latinoamericanos.

I tiakina i:
Ngā taipitopito rārangi puna kōrero
Kaituhi matua: Aguirre Beltrán, Gonzalo (autor)
Hōputu: Pukapuka
Reo:Pāniora
I whakaputaina: Jalapa, México : Universidad Veracruzana, Facultad de Filosofía y Letras, 1961, c1961
Rangatū:(Biblioteca de la Facultad de Filosofía y Letras ; 10)
Ngā marau:
Ngā Tūtohu: Tāpirihia he Tūtohu
Kāore He Tūtohu, Me noho koe te mea tuatahi ki te tūtohu i tēnei pūkete!

MARC

LEADER 00000nam^a2200000^a^4500
001 000123602
005 20250521000000.0
009 20260310094545.146
037 |a Acervo ITESO - Biblioteca 
041 |a ESP 
082 |a 378. 01  |b AGU 
100 |a Aguirre Beltrán, Gonzalo  |e (autor) 
245 1 3 |a La universidad latinoamericana :  |b y otros ensayos /  |c G. Aguirre Beltrán. 
264 4 |a Jalapa, México :  |b Universidad Veracruzana, Facultad de Filosofía y Letras,  |c 1961, c1961 
300 |a 203 p. 
336 |a texto  |b txt  |2 rdacontenido 
337 |a sin mediación  |b n  |2 rdamedio 
338 |a volumen  |b nc  |2 rdasoporte 
440 1 |a (Biblioteca de la Facultad de Filosofía y Letras ;  |v 10) 
520 |a Este libro recoge una seie de estudios que tratan sobre temas de educación superior y los problemas socioeconómicos latinoamericanos. 
649 |a XX 
650 |a Universidades -  |z Latinoamérica 
650 |a Educación Superior -  |z Latinoamérica 
910 |a Fondo Salvador Reynoso Reynoso 
920 |a Impresos - Libros 
930 |a Fondos Especiales 
905 |a 112 
901 |a 0800006799  |b IT2  |c ESP  |u 20250521 
902 |a https://opac.biblio.iteso.mx/vufind/Record/000123602